[Event "BRA-ch Amateur U2000"]
[Site "Sao Paulo"]
[Date "2018.06.02"]
[Round "5"]
[White "Moreira, Alexandre Augusto"]
[Black "Ribeiro, Marcos Willian de S"]
[Result "0-1"]
[WhiteElo "1834"]
[BlackElo "1964"]
[PlyCount "59"]
[EventDate "2018.05.31"]
[EventType "swiss"]
[EventRounds "7"]
[EventCountry "BRA"]
[SourceTitle "EXT 2021"]
[Source "ChessBase"]
[SourceDate "2020.10.23"]
[SourceVersion "1"]
[SourceVersionDate "2020.10.23"]
[SourceQuality "1"]

1. e4 c5 2. Nf3 e6 3. d4 cxd4 4. Nxd4 Nc6 5. Nb5 d6 6. c4 Nf6 7. N1c3 Be7 8. Be2 0-0 9. 0-0 a6 10. Na3 Qc7 11. Be3 Rd8 12. f4 d5 13. cxd5 exd5 14. e5 d4 15. exf6 dxc3 16. fxe7 Qxe7 17. Qc1 cxb2 18. Qc3 bxa1Q 19. Rxa1 Re8 20. Kf2 Bf5 21. Nc4 Rad8 22. Re1 Qb4 23. Qc1 Nd4 24. Bxd4 Rxd4 25. Ne5 Rxf4+ 26. Bf3 Qd4+ 27. Kg3 Rxe5 28. Qxf4 Qxf4+ 29. Kxf4 Rxe1 30. Kxf5 0-1

[Event "BRA-ch Amateur U2000"]
[Site "Sao Paulo"]
[Date "2018.06.02"]
[Round "6"]
[White "Ribeiro, Marcos Willian de S"]
[Black "Dias, Joao Batista de Sou"]
[Result "0-1"]
[WhiteElo "1964"]
[BlackElo "1852"]
[PlyCount "72"]
[EventDate "2018.05.31"]
[EventType "swiss"]
[EventRounds "7"]
[EventCountry "BRA"]
[SourceTitle "EXT 2021"]
[Source "ChessBase"]
[SourceDate "2020.10.23"]
[SourceVersion "1"]
[SourceVersionDate "2020.10.23"]
[SourceQuality "1"]

1. e4 c5 2. Nf3 g6 3. d4 cxd4 4. Qxd4 Nf6 5. e5 Nc6 6. Qd2 Ng4 7. Be2 Ncxe5 8. Nxe5 Nxe5 9. 0-0 Bg7 10. f4 Nc6 11. Nc3 d6 12. Ne4 Bxb2 13. Bxb2 Qb6+ 14. Kh1 Qxb2 15. Bd3 Qd4 16. c3 Qg7 17. Ng5 h6 18. Nf3 0-0 19. f5 g5 20. Rae1 g4 21. Ng1 Ne5 22. Bc2 Bd7 23. f6 exf6 24. Qxd6 Be6 25. Qb4 Rac8 26. Ne2 Rc7 27. Nf4 Rc4 28. Qb1 Qg5 29. Nxe6 fxe6 30. Qxb7 Qg7 31. Qa6 Rc6 32. Qa3 Rfc8 33. Rb1 Rxc3 34. Qxc3 Rxc3 35. Rb8+ Qf8 36. Rxf8+ Kxf8 0-1

[Event "BRA-ch Amateur U2000"]
[Site "Sao Paulo"]
[Date "2018.??.??"]
[Round "1"]
[White "Ribeiro, Marcos Willian de S"]
[Black "Resende, Lucas B Massucato"]
[Result "1/2-1/2"]
[WhiteElo "1964"]
[BlackElo "1838"]
[PlyCount "85"]
[EventDate "2018.05.31"]
[EventType "swiss"]
[EventRounds "7"]
[EventCountry "BRA"]
[SourceTitle "EXT 2021"]
[Source "ChessBase"]
[SourceDate "2020.10.23"]
[SourceVersion "1"]
[SourceVersionDate "2020.10.23"]
[SourceQuality "1"]

1. e4 e6 2. d4 d5 3. Nc3 Nf6 4. Bg5 Be7 5. e5 Nfd7 6. Bxe7 Qxe7 7. f4 a6 8. Nf3 c5 9. dxc5 Qxc5 10. Qd2 Nc6 11. 0-0-0 b5 12. Kb1 Bb7 13. Ne4 Qa7 14. Nd6+ Ke7 15. Ng5 Raf8 16. Ngxf7 Rxf7 17. Nxf7 Kxf7 18. f5 Re8 19. fxe6+ Rxe6 20. Bd3 Kg8 21. Bf5 Nd8 22. Bxe6+ Nxe6 23. Rhf1 Qc5 24. Qd3 Qe7 25. Rf2 Ndc5 26. Qa3 Bc6 27. Rdf1 Be8 28. Qb4 Bg6 29. h4 Be4 30. Rf7 Qxf7 31. Rxf7 Kxf7 32. Qd2 h5 33. b4 Nd7 34. Qf2+ Kg8 35. Qa7 Ndf8 36. g3 Kh7 37. Kb2 Ng6 38. Qxa6 Nd4 39. c3 Ne2 40. Qxb5 Nxg3 41. e6 Nf5 42. Qd7 Ne5 43. b5 1/2-1/2

[Event "Sao Paulo Gansl op 8th"]
[Site "Sao Paulo"]
[Date "2016.04.29"]
[Round "1"]
[White "Sato, Claudio Takeshi"]
[Black "Ribeiro, Marcos Willian de S"]
[Result "0-1"]
[WhiteElo "1464"]
[BlackElo "1977"]
[PlyCount "102"]
[EventDate "2016.04.29"]
[EventType "swiss"]
[EventRounds "6"]
[EventCountry "BRA"]
[SourceTitle "CBM 172 Extra"]
[Source "ChessBase"]
[SourceDate "2016.06.21"]
[SourceVersion "1"]
[SourceVersionDate "2016.06.21"]
[SourceQuality "1"]

1. e4 c5 2. Nf3 Nc6 3. Nc3 e6 4. d4 cxd4 5. Nxd4 Qc7 6. Be3 a6 7. a3 Nf6 8. Bd3 Bd6 9. h3 Be5 10. Be2 Qb6 11. Nb3 Bxc3+ 12. bxc3 Qc7 13. Qd3 b6 14. f4 Bb7 15. c4 Na5 16. Bf3 Nxc4 17. Bd4 e5 18. fxe5 Nxe5 19. Bxe5 Qxe5 20. 0-0-0 0-0 21. Rhe1 Rac8 22. Kb1 Rfe8 23. Qd4 Bxe4 24. Bxe4 Nxe4 25. Qxe5 Rxe5 26. Kb2 Nd6 27. Rxe5 Nc4+ 28. Kc1 Nxe5 29. Rd5 f6 30. Kd2 Kf7 31. Nd4 Rc5 32. Rxc5 bxc5 33. Nb3 d6 34. Kc3 Ke6 35. Nd2 d5 36. Kb3 Nc6 37. c3 Kf5 38. g3 h5 39. Kc2 c4 40. Kd1 Na7 41. Ke2 Nb5 42. Nb1 d4 43. cxd4 Nxd4+ 44. Ke3 Ke5 45. a4 Nf5+ 46. Kf3 Kd4 47. g4 hxg4+ 48. hxg4 Nh4+ 49. Ke2 Ng2 50. Na3 Ne3 51. Kf3 c3 0-1

[Event "Sao Paulo op-B U2050 4th"]
[Site "Sao Paulo"]
[Date "2016.03.26"]
[Round "4"]
[White "De Castro, Andre Goncalves"]
[Black "Ribeiro, Marcos Willian de S"]
[Result "1-0"]
[WhiteElo "1794"]
[BlackElo "2013"]
[PlyCount "33"]
[EventDate "2016.03.24"]
[EventType "swiss"]
[EventRounds "7"]
[EventCountry "BRA"]
[SourceTitle "CBM 171 Extra"]
[Source "ChessBase"]
[SourceDate "2016.04.26"]
[SourceVersion "1"]
[SourceVersionDate "2016.04.26"]
[SourceQuality "1"]

1. e4 c5 2. Nf3 e6 3. c4 Nc6 4. Nc3 a6 5. d4 cxd4 6. Nxd4 Qc7 7. Be3 Nf6 8. Be2 Bb4 9. f3 Bxc3+ 10. bxc3 0-0 11. 0-0 Ne5 12. Qb3 d6 13. Rad1 Bd7 14. f4 Nfg4 15. Bc1 Qa5 16. Qb4 Qxa2 17. fxe5 1-0

[Event "Sao Paulo Freitas Memorial"]
[Site "Sao Paulo"]
[Date "2015.10.12"]
[Round "5"]
[White "Rodrigues, Edgar"]
[Black "Ribeiro, Marcos Willian de S"]
[Result "1-0"]
[WhiteElo "2315"]
[BlackElo "1998"]
[PlyCount "83"]
[EventDate "2015.10.10"]
[EventType "swiss"]
[EventRounds "6"]
[EventCountry "BRA"]
[SourceTitle "CBM 168 Extra"]
[Source "ChessBase"]
[SourceDate "2015.10.29"]
[SourceVersion "1"]
[SourceVersionDate "2015.10.29"]
[SourceQuality "1"]

1. d4 f5 2. e4 fxe4 3. Nc3 Nf6 4. Bg5 b6 5. f3 e3 6. Bc4 Ba6 7. Bxa6 Nxa6 8. Qe2 Nb4 9. 0-0-0 Qc8 10. a3 Nbd5 11. Nxd5 Nxd5 12. c4 Nf6 13. Kb1 d5 14. Ka1 Qf5 15. Bxe3 dxc4 16. Qxc4 Nd5 17. Qc6+ Kf7 18. g4 Qe6 19. Qxa8 Nxe3 20. Rc1 c5 21. Nh3 h6 22. dxc5 g5 23. Qe4 Qxe4 24. fxe4 bxc5 25. Rc3 Nxg4 26. Nf2 Ne5 27. Rxc5 Bg7 28. Rf1 Ke6 29. Ra5 Nc4 30. Ra6+ Ke5 31. Ng4+ Kxe4 32. Ra4 Bxb2+ 33. Ka2 Kd4 34. Rd1+ Kc5 35. Rxc4+ Kxc4 36. Kxb2 Rf8 37. Kc2 h5 38. Ne5+ Kb5 39. Rd5+ Ka6 40. Nd3 Rg8 41. a4 h4 42. Rb5 1-0

[Event "Sao Paulo op-B 3rd"]
[Site "Sao Paulo"]
[Date "2015.09.20"]
[Round "6"]
[White "Boabaid, Jorge Alberto Duard"]
[Black "Ribeiro, Marcos Willian de S"]
[Result "0-1"]
[WhiteElo "1904"]
[BlackElo "1987"]
[PlyCount "62"]
[EventDate "2015.09.17"]
[EventType "swiss"]
[EventRounds "6"]
[EventCountry "BRA"]
[SourceTitle "EXT 2016"]
[Source "ChessBase"]
[SourceDate "2015.10.08"]
[SourceVersion "1"]
[SourceVersionDate "2015.10.08"]
[SourceQuality "1"]

1. Nf3 f5 2. Nc3 Nf6 3. g3 g6 4. Bg2 Bg7 5. 0-0 0-0 6. d4 d6 7. Ng5 c6 8. e4 h6 9. Nh3 fxe4 10. Nf4 g5 11. Nh5 Nxh5 12. Qxh5 d5 13. h4 gxh4 14. Qxh4 Qd6 15. Be3 Qf6 16. Qh5 Bf5 17. Ne2 Qg6 18. Qh2 Bg4 19. Nf4 Qf5 20. c3 Nd7 21. Bh3 Bxh3 22. Nxh3 Nf6 23. Qg2 Ng4 24. Bf4 e5 25. dxe5 Bxe5 26. Rae1 Bxf4 27. Nxf4 Ne5 28. Re2 Nf3+ 29. Kh1 Qg4 30. Qh3 Rxf4 31. Qxh6 Rf6 0-1

[Event "Sao Paulo op-B 3rd"]
[Site "Sao Paulo"]
[Date "2015.09.19"]
[Round "3"]
[White "Medeiros, Thauane Ferreira"]
[Black "Ribeiro, Marcos Willian de S"]
[Result "1/2-1/2"]
[WhiteElo "1889"]
[BlackElo "1987"]
[PlyCount "64"]
[EventDate "2015.09.17"]
[EventType "swiss"]
[EventRounds "6"]
[EventCountry "BRA"]
[SourceTitle "EXT 2016"]
[Source "ChessBase"]
[SourceDate "2015.10.08"]
[SourceVersion "1"]
[SourceVersionDate "2015.10.08"]
[SourceQuality "1"]

1. d4 Nf6 2. Bg5 c5 3. Bxf6 gxf6 4. c3 Qb6 5. Qd2 d6 6. e3 Nd7 7. Nf3 f5 8. Bd3 Nf6 9. 0-0 Rg8 10. Qc2 e6 11. Nbd2 Bd7 12. e4 fxe4 13. Nxe4 Nxe4 14. Bxe4 f5 15. Bd3 0-0-0 16. d5 exd5 17. Bxf5 Qc6 18. Rfe1 Kb8 19. Rad1 d4 20. Be4 d5 21. Ne5 Qf6 22. Bxd5 Rg7 23. Qb3 Ba4 24. Qxa4 Rxd5 25. cxd4 cxd4 26. Qe8+ Rd8 27. Qb5 a6 28. Qb3 Rc7 29. Nf3 Rc6 30. Ne5 Rc7 31. Nf3 Rc6 32. Ne5 Rc7 1/2-1/2

[Event "Sao Paulo op-B 3rd"]
[Site "Sao Paulo"]
[Date "2015.09.19"]
[Round "4"]
[White "Ribeiro, Marcos Willian de S"]
[Black "Dias, Marcelo de Souza"]
[Result "1-0"]
[WhiteElo "1987"]
[BlackElo "1863"]
[PlyCount "43"]
[EventDate "2015.09.17"]
[EventType "swiss"]
[EventRounds "6"]
[EventCountry "BRA"]
[SourceTitle "EXT 2016"]
[Source "ChessBase"]
[SourceDate "2015.10.08"]
[SourceVersion "1"]
[SourceVersionDate "2015.10.08"]
[SourceQuality "1"]

1. e4 g6 2. d4 Bg7 3. c3 d6 4. f4 Nd7 5. Nf3 c6 6. Bd3 Qc7 7. 0-0 Nh6 8. Qe1 Nb6 9. f5 gxf5 10. exf5 Ng8 11. Qg3 Kf8 12. Ng5 Nf6 13. Nd2 c5 14. Nde4 c4 15. Nxf6 exf6 16. Bf4 Kg8 17. Ne4 Nd5 18. Bh6 Kf8 19. Bxg7+ Ke7 20. Bxc4 Nxc3 21. bxc3 Re8 22. Bxf6+ 1-0

[Event "Sao Paulo Hebraica op 21st"]
[Site "Sao Paulo"]
[Date "2015.07.12"]
[Round "4"]
[White "Pritsopoulos, Constantino Demetri"]
[Black "Ribeiro, Marcos Willian de S"]
[Result "0-1"]
[WhiteElo "1940"]
[BlackElo "1933"]
[PlyCount "98"]
[EventDate "2015.07.11"]
[EventType "swiss"]
[EventRounds "5"]
[EventCountry "BRA"]
[SourceTitle "CBM 167 Extra"]
[Source "ChessBase"]
[SourceDate "2015.09.14"]
[SourceVersion "1"]
[SourceVersionDate "2015.09.14"]
[SourceQuality "1"]

1. e4 c5 2. Nf3 Nc6 3. Bb5 Nf6 4. Nc3 Nd4 5. Be2 d5 6. e5 Nd7 7. Nxd4 cxd4 8. Nxd5 Nxe5 9. Bb5+ Bd7 10. Qe2 Ng6 11. 0-0 e6 12. c3 Bc5 13. cxd4 Bxd4 14. Qc4 Be5 15. Nc3 0-0 16. d4 Rc8 17. Qa4 Bxb5 18. Nxb5 Bb8 19. Nxa7 Qh4 20. g3 Qh3 21. f4 Bxa7 22. Qxa7 Rc2 23. Rf2 Rxf2 24. Kxf2 Qxh2+ 25. Kf1 Qxg3 26. Qxb7 Nxf4 27. Qe4 Nd5 28. Bd2 Qh3+ 29. Qg2 Qd3+ 30. Ke1 Qxd4 31. Bg5 Nf4 32. Bxf4 Qxf4 33. a4 h5 34. a5 h4 35. a6 Qe3+ 36. Qe2 Qb6 37. Qf2 Qc6 38. Qxh4 Ra8 39. Kd2 Qg2+ 40. Ke3 Qxb2 41. Rh1 Qb6+ 42. Kf3 Qc6+ 43. Kf2 f6 44. Qh7+ Kf7 45. Qh5+ Ke7 46. Qh7 Qc5+ 47. Kf1 Qf5+ 48. Qxf5 exf5 49. Rh7 Kf7 0-1

[Event "Sao Paulo ECP Etapa Siegmund Gansl I"]
[Site "Sao Paulo"]
[Date "2015.06.14"]
[Round "5.3"]
[White "Ribeiro, Marcos Willian de S"]
[Black "Nunes, Agatha Hurba"]
[Result "0-1"]
[WhiteElo "1962"]
[BlackElo "1796"]
[PlyCount "96"]
[EventDate "2015.06.12"]
[EventType "swiss"]
[EventRounds "6"]
[EventCountry "BRA"]
[SourceTitle "EXT 2022"]
[Source "ChessBase"]
[SourceDate "2021.10.06"]
[SourceVersion "1"]
[SourceVersionDate "2021.10.06"]
[SourceQuality "1"]

1. e4 e6 2. d4 d5 3. Nc3 dxe4 4. Nxe4 Bd7 5. Nf3 Bc6 6. Bd3 Bxe4 7. Bxe4 c6 8. c3 Nf6 9. Bg5 Nbd7 10. 0-0 h6 11. Bxf6 Nxf6 12. Bc2 Bd6 13. Qd3 Qc7 14. Rfe1 g5 15. Bb3 0-0-0 16. Qe3 Kb8 17. g3 g4 18. Ne5 Bxe5 19. Qxe5 Qxe5 20. Rxe5 h5 21. Rae1 h4 22. Rg5 hxg3 23. fxg3 Rh6 24. Bc2 Rg8 25. Ree5 Rgh8 26. Re2 Rg8 27. Rxg8+ Nxg8 28. Re5 Ne7 29. Bd1 f5 30. Bb3 Nd5 31. c4 Nb6 32. d5 cxd5 33. cxd5 Nxd5 34. Bxd5 exd5 35. Rxf5 Rd6 36. Kf2 d4 37. Ke2 Rb6 38. b3 Ra6 39. a4 Rb6 40. Rb5 Rxb5 41. axb5 Kc7 42. Kd3 Kb6 43. Kc4 d3 44. Kxd3 Kxb5 45. Ke3 Kb4 46. h4 gxh3 47. Kf3 Kxb3 48. g4 Kc4 0-1

[Event "Sao Paulo ECP Etapa Siegmund Gansl I"]
[Site "Sao Paulo"]
[Date "2015.06.12"]
[Round "2.3"]
[White "Maraz, Ricardo"]
[Black "Ribeiro, Marcos Willian de S"]
[Result "0-1"]
[WhiteElo "1707"]
[BlackElo "1962"]
[PlyCount "90"]
[EventDate "2015.06.12"]
[EventType "swiss"]
[EventRounds "6"]
[EventCountry "BRA"]
[SourceTitle "EXT 2022"]
[Source "ChessBase"]
[SourceDate "2021.10.06"]
[SourceVersion "1"]
[SourceVersionDate "2021.10.06"]
[SourceQuality "1"]

1. e4 c5 2. Nf3 d6 3. Bb5+ Bd7 4. Bxd7+ Qxd7 5. c4 Qg4 6. Qa4+ Nc6 7. 0-0 Qxe4 8. Nc3 Qf5 9. Nd5 Qd7 10. Nb6 axb6 11. Qxa8+ Nd8 12. d4 g6 13. d5 Bg7 14. Qa3 Nf6 15. Bg5 b5 16. b3 Ne4 17. Rae1 f5 18. Bh4 0-0 19. Ng5 Nd2 20. Nf3 Nxf3+ 21. gxf3 e5 22. f4 Nf7 23. Qc1 bxc4 24. bxc4 h6 25. f3 Ra8 26. Re2 b5 27. Rg2 Kh7 28. cxb5 Qxb5 29. Qb1 Qd7 30. fxe5 Nxe5 31. Bg3 Nc4 32. Qd3 Nb2 33. Qe2 Re8 34. Qa6 c4 35. Bxd6 c3 36. Ba3 g5 37. Bxb2 cxb2 38. Qc6 Qa7+ 39. Kh1 Rb8 40. Rgg1 Bd4 41. d6 Bxg1 42. Qc7+ Qxc7 43. dxc7 Rc8 44. Kxg1 Rxc7 45. Kg2 Rc1 0-1

[Event "Baeta Neves op"]
[Site "Baeta Neves"]
[Date "2015.05.23"]
[Round "3"]
[White "Santos, Marcos Correia"]
[Black "Ribeiro, Marcos Willian de S"]
[Result "1/2-1/2"]
[WhiteElo "1531"]
[BlackElo "1948"]
[PlyCount "76"]
[EventDate "2015.05.22"]
[EventType "swiss"]
[EventRounds "6"]
[EventCountry "BRA"]
[SourceTitle "CBM 166 Extra"]
[Source "ChessBase"]
[SourceDate "2015.06.18"]
[SourceVersion "1"]
[SourceVersionDate "2015.06.18"]
[SourceQuality "1"]

1. c4 f5 2. Nc3 Nf6 3. g3 g6 4. Bg2 Bg7 5. Nf3 d6 6. 0-0 c6 7. d3 0-0 8. Rb1 e5 9. b4 h6 10. Qc2 Be6 11. b5 Qc7 12. a4 d5 13. Ba3 Rf7 14. Nd2 e4 15. dxe4 fxe4 16. Rfc1 Ng4 17. Nd1 e3 18. fxe3 Bf5 19. e4 dxe4 20. Bxe4 Bd4+ 21. Kg2 Be3 22. Bxf5 Rxf5 23. Qe4 Bxd2 24. Qxg4 Qf7 25. Rc2 Ba5 26. Rb3 h5 27. Qd4 cxb5 28. Bb2 Qh7 29. cxb5 Nd7 30. Qc4+ Qf7 31. Qd4 Ne5 32. Rf3 Rxf3 33. Qxe5 Rf6 34. Qxf6 Qd5+ 35. Kh3 Qd7+ 36. Kg2 Qd5+ 37. Kh3 Qd7+ 38. Kg2 Qd5+ 1/2-1/2

[Event "BRA-ch Amateur"]
[Site "Sao Paulo"]
[Date "2015.04.01"]
[Round "3"]
[White "Ribeiro, Marcos Willian de S"]
[Black "Pinto, Rendrex Lopes"]
[Result "1/2-1/2"]
[WhiteElo "1948"]
[BlackElo "2072"]
[PlyCount "95"]
[EventDate "2015.04.30"]
[EventType "swiss"]
[EventRounds "7"]
[EventCountry "BRA"]
[SourceTitle "EXT 2022"]
[Source "ChessBase"]
[SourceDate "2021.10.06"]
[SourceVersion "1"]
[SourceVersionDate "2021.10.06"]
[SourceQuality "1"]

1. e4 e6 2. d4 d5 3. Nc3 dxe4 4. Nxe4 Bd7 5. Nf3 Bc6 6. Bd3 Nd7 7. Qe2 Ngf6 8. Neg5 Bxf3 9. Qxf3 c6 10. c3 Bd6 11. Bd2 Qa5 12. a4 h6 13. b4 Qc7 14. Ne4 Nxe4 15. Bxe4 Nf6 16. h3 Nxe4 17. Qxe4 0-0 18. 0-0 Rad8 19. f4 Rfe8 20. f5 exf5 21. Qxf5 Re6 22. Rae1 Rde8 23. Rxe6 Rxe6 24. Re1 Rxe1+ 25. Bxe1 Qe7 26. Bd2 g6 27. Qf3 Kg7 28. Kf1 Qe6 29. Qe3 Qf5+ 30. Ke2 g5 31. g4 Qb1 32. Qf3 Qa2 33. Kd3 Qxa4 34. h4 Qa6+ 35. Ke4 Qb5 36. Qf2 b6 37. hxg5 hxg5 38. Be3 a5 39. bxa5 bxa5 40. Qa2 Kg6 41. c4 Qb7 42. Kf3 Qd7 43. Qxa5 f5 44. gxf5+ Qxf5+ 45. Qxf5+ Kxf5 46. Bxg5 Kxg5 47. Ke4 Kf6 48. c5 1/2-1/2

[Event "Rio Claro op 1st"]
[Site "Rio Claro"]
[Date "2015.02.28"]
[Round "1"]
[White "Nobre, Jailson Altair Barb"]
[Black "Ribeiro, Marcos Willian de S"]
[Result "0-1"]
[WhiteElo "1765"]
[BlackElo "2003"]
[PlyCount "56"]
[EventDate "2015.02.28"]
[EventType "swiss"]
[EventRounds "5"]
[EventCountry "BRA"]
[SourceTitle "CBM 165 Extra"]
[Source "ChessBase"]
[SourceDate "2015.04.21"]
[SourceVersion "1"]
[SourceVersionDate "2015.04.21"]
[SourceQuality "1"]

1. c4 f5 2. Nc3 Nf6 3. g3 g6 4. Bg2 Bg7 5. Nf3 d6 6. d3 0-0 7. 0-0 e5 8. Bg5 c6 9. Rb1 Qe8 10. Bxf6 Bxf6 11. Nd2 Nd7 12. b4 e4 13. Qc2 e3 14. Nf3 Ne5 15. Nxe5 Qxe5 16. Nd1 f4 17. gxf4 Qxf4 18. fxe3 Qh4 19. Rf4 Qg5 20. Nf2 Bf5 21. Ne4 Bxe4 22. Rxe4 Kg7 23. b5 d5 24. cxd5 cxd5 25. Rf4 Be5 26. Rxf8 Rxf8 27. Qc5 Qh4 28. Bf3 Qxh2+ 0-1

[Event "Sao Paulo op-B 2nd"]
[Site "Sao Paulo"]
[Date "2015.02.08"]
[Round "5"]
[White "Ribeiro, Marcos Willian de S"]
[Black "Camargo, Luca Oshiro"]
[Result "1-0"]
[WhiteElo "2003"]
[BlackElo "1465"]
[PlyCount "49"]
[EventDate "2015.02.05"]
[EventType "swiss"]
[EventRounds "6"]
[EventCountry "BRA"]
[SourceTitle "CBM 164 Extra"]
[Source "ChessBase"]
[SourceDate "2015.03.02"]
[SourceVersion "1"]
[SourceVersionDate "2015.03.02"]
[SourceQuality "1"]

1. e4 c5 2. Nc3 e6 3. f4 d5 4. Bb5+ Bd7 5. exd5 Bxb5 6. Nxb5 exd5 7. Qf3 Nf6 8. g4 Qd7 9. Nc3 Qxg4 10. Qxg4 Nxg4 11. Nxd5 Bd6 12. Ne2 0-0 13. h3 Nh6 14. Rg1 Kh8 15. b3 Nc6 16. Bb2 f6 17. 0-0-0 b5 18. Ng3 a5 19. Ne4 Nf5 20. Nxd6 Nxd6 21. Nc7 Ra7 22. Ne6 Rff7 23. Rde1 c4 24. Nxg7 Rxg7 25. Bxf6 1-0

[Event "Sao Paulo Hebraica op 19th"]
[Site "Sao Paulo"]
[Date "2015.01.11"]
[Round "6"]
[White "Bruce, Shannon Hill"]
[Black "Ribeiro, Marcos Willian de S"]
[Result "0-1"]
[WhiteElo "2163"]
[BlackElo "1974"]
[PlyCount "106"]
[EventDate "2015.01.08"]
[EventType "swiss"]
[EventRounds "6"]
[EventCountry "BRA"]
[SourceTitle "CBM 164 Extra"]
[Source "ChessBase"]
[SourceDate "2015.03.02"]
[SourceVersion "1"]
[SourceVersionDate "2015.03.02"]
[SourceQuality "1"]

1. Nf3 f5 2. c4 Nf6 3. g3 g6 4. b3 Bg7 5. Bb2 d6 6. Bg2 c6 7. 0-0 e5 8. d3 0-0 9. Qc2 Na6 10. a3 Qe7 11. e4 fxe4 12. dxe4 Nc5 13. Nbd2 Bg4 14. b4 Ne6 15. h3 Bxf3 16. Nxf3 Nd7 17. Rfd1 c5 18. Rd3 a5 19. bxc5 Ndxc5 20. Rd5 Nc7 21. Rdd1 N7e6 22. a4 Rf7 23. Rf1 Raf8 24. Ra3 b6 25. Ne1 Qd7 26. Bc1 Nd4 27. Qd1 Qe6 28. Rc3 Nxa4 29. Ra3 Nc5 30. Rc3 Rc7 31. Kh2 a4 32. Nd3 Ncb3 33. Ba3 b5 34. Nb2 Bh6 35. Bb4 Bd2 36. Rxb3 axb3 37. Qxd2 bxc4 38. f4 Rff7 39. Na4 Ra7 40. Nc3 Rfb7 41. fxe5 Qxe5 42. Nd5 Ra2 43. Qh6 Rxg2+ 44. Kh1 Rf2 45. Rxf2 Qxe4+ 46. Kh2 Nf3+ 47. Kg2 Qxd5 48. Bc3 Ne5+ 49. Kh2 Rf7 50. Rb2 Rf1 51. g4 Qh1+ 52. Kg3 Qg1+ 53. Kh4 Nf3# 0-1

[Event "Sao Paulo Karman Cup 2nd"]
[Site "Sao Paulo"]
[Date "2014.11.22"]
[Round "4"]
[White "Casarin, Luis Marcio Pinhatt"]
[Black "Ribeiro, Marcos Willian de S"]
[Result "0-1"]
[WhiteElo "1865"]
[BlackElo "1906"]
[PlyCount "96"]
[EventDate "2014.11.21"]
[EventType "swiss"]
[EventRounds "6"]
[EventCountry "BRA"]
[SourceTitle "CBM 163 Extra"]
[Source "ChessBase"]
[SourceDate "2014.12.23"]
[SourceVersion "1"]
[SourceVersionDate "2014.12.23"]
[SourceQuality "1"]

1. c4 f5 2. Nc3 Nf6 3. Nf3 g6 4. g3 Bg7 5. Bg2 d6 6. d3 0-0 7. 0-0 e5 8. Ne1 c6 9. Rb1 Be6 10. e4 fxe4 11. Nxe4 Nxe4 12. Bxe4 Bh3 13. Ng2 Na6 14. b4 Nc7 15. f4 d5 16. Bf3 dxc4 17. dxc4 Qxd1 18. Bxd1 exf4 19. Rxf4 Rxf4 20. Bxf4 Bf5 21. Rb3 Ne6 22. Be3 Rd8 23. Bf3 Bd3 24. Ra3 a6 25. Kf2 Bb2 26. Ra5 Nd4 27. Ne1 Bb1 28. Bg4 Rf8+ 29. Kg2 Bc3 30. Ra3 Bxb4 31. Ra4 Bc3 32. c5 Nf5 33. Bf2 Re8 34. Nf3 Ne3+ 35. Bxe3 Rxe3 36. Ng5 Bf6 37. Ne6 h5 38. Bh3 g5 39. Kf2 Re5 40. Nc7 g4 41. Bg2 Rxc5 42. Rb4 Rc2+ 43. Kf1 Rb2 44. Rf4 Bd3+ 45. Kg1 Bd8 46. Ne6 Bb6+ 47. Kh1 Rb1+ 48. Bf1 Rxf1+ 0-1

[Event "Sao Paulo Karman Cup 2nd"]
[Site "Sao Paulo"]
[Date "2014.11.21"]
[Round "1"]
[White "Ribeiro, Marcos Willian de S"]
[Black "Silva, Camila Evaristo"]
[Result "1-0"]
[WhiteElo "1906"]
[BlackElo "1614"]
[PlyCount "129"]
[EventDate "2014.11.21"]
[EventType "swiss"]
[EventRounds "6"]
[EventCountry "BRA"]
[SourceTitle "CBM 163 Extra"]
[Source "ChessBase"]
[SourceDate "2014.12.23"]
[SourceVersion "1"]
[SourceVersionDate "2014.12.23"]
[SourceQuality "1"]

1. e4 e5 2. Nf3 Nf6 3. Nc3 Nc6 4. d4 exd4 5. Nxd4 Bb4 6. Nxc6 bxc6 7. Bd3 0-0 8. Bg5 Re8 9. 0-0 Be7 10. f4 d6 11. Qf3 Bb7 12. Qh3 Qd7 13. Qh4 Qg4 14. Qf2 h6 15. h3 Qd7 16. Bxh6 gxh6 17. e5 Nh5 18. g4 Ng7 19. f5 Bf8 20. f6 Rxe5 21. fxg7 Bxg7 22. Ne4 c5 23. Nf6+ Bxf6 24. Qxf6 Qe6 25. Qxe6 Rxe6 26. Rf4 Kg7 27. Raf1 f6 28. Rf5 Rf8 29. h4 Be4 30. Bxe4 Rxe4 31. R5f4 Rxf4 32. Rxf4 Re8 33. Kf2 c6 34. Ra4 Re7 35. Kf3 Kg6 36. Kf4 h5 37. gxh5+ Kxh5 38. Kf5 Re2 39. Rxa7 Kxh4 40. Ra4+ Kg3 41. Rg4+ Kf3 42. Rc4 Kf2 43. a4 Re8 44. Re4 Ra8 45. b3 d5 46. Rh4 Ke3 47. Kxf6 d4 48. Ke5 Re8+ 49. Kd6 Kd2 50. Rh2+ Kc3 51. Kxc5 Re1 52. Kxc6 Rc1 53. Kc5 Re1 54. a5 Re5+ 55. Kb6 Re6+ 56. Kb5 Re5+ 57. Ka4 Re6 58. b4 Rc6 59. Kb5 Rc8 60. a6 Rb8+ 61. Ka5 Rxb4 62. Rh3+ Kc4 63. a7 Rb5+ 64. Ka6 Kc5 65. Rh5+ 1-0

[Event "Sao Paulo Big Fun op"]
[Site "Sao Paulo"]
[Date "2014.09.27"]
[Round "4"]
[White "Ribeiro, Marcos Willian de S"]
[Black "Yoshioka, Andre"]
[Result "1-0"]
[WhiteElo "1925"]
[BlackElo "1638"]
[PlyCount "119"]
[EventDate "2014.09.25"]
[EventType "swiss"]
[EventRounds "6"]
[EventCountry "BRA"]
[SourceTitle "CBM 162 Extra"]
[Source "ChessBase"]
[SourceDate "2014.10.17"]
[SourceVersion "1"]
[SourceVersionDate "2014.10.17"]
[SourceQuality "1"]

1. e4 c5 2. f4 e6 3. Nc3 d5 4. exd5 exd5 5. Bb5+ Bd7 6. Qe2+ Be7 7. Nxd5 Nc6 8. Nf3 a6 9. Bxc6 Bxc6 10. Nxe7 Nxe7 11. 0-0 0-0 12. Ne5 Re8 13. Qf2 Qd6 14. b3 Rad8 15. d3 Nf5 16. Bb2 f6 17. Nxc6 Qxc6 18. Rae1 b6 19. Rxe8+ Qxe8 20. Re1 Qd7 21. Qe2 Kf7 22. Qe4 h5 23. Qc4+ Qd5 24. Qxd5+ Rxd5 25. Kf2 b5 26. h3 h4 27. Kf3 Rd7 28. Kg4 g6 29. Re4 Ng3 30. Re1 Nf5 31. a3 Rc7 32. Kf3 Rc8 33. Rd1 Rc7 34. Rd2 Ke7 35. c3 Rd7 36. Bc1 a5 37. Bb2 Rd8 38. d4 c4 39. bxc4 bxc4 40. a4 Ke6 41. Ba3 Rb8 42. d5+ Kd7 43. Rb2 Rxb2 44. Bxb2 Kd6 45. Ke4 Ng3+ 46. Kd4 Ne2+ 47. Kxc4 Nxf4 48. Ba3+ Kd7 49. Kd4 Nxg2 50. c4 f5 51. c5 f4 52. Ke4 g5 53. c6+ Kc8 54. Be7 Ne1 55. d6 f3 56. d7+ Kc7 57. d8Q+ Kxc6 58. Qd5+ Kc7 59. Qxa5+ Kd7 60. Qxe1 1-0